000 00797nam a22002537a 4500
003 URS
005 20260326151013.0
008 260323b |||||||| |||| 00| 0 eng d
020 _a9788126143030
040 _aDLC
_beng
_cDLC
_dURS
_erda
050 1 4 _aGV713
_b.K257 2010
100 1 _aKeerthinarayanaswamy, M. B.
245 _aSport management/
_cM.B. Keerthinarayanaswamy and C.K. Kishore Kumar
300 _ax, 254 pages;
_c22 cm
336 _2rdacontent
_atext
_btxt
337 _2rdamedia
_aunmediated
_bn
338 _2rdacarrier
_avolume
_bnc
500 _aIncludes glossary.
504 _aIncludes references and index.
650 0 _aSports
_xManagement
650 0 _aSports
_xAdministration
700 1 _aKumar, , C.K. Kishore
942 _2lcc
_cFR
_hGV713
_i.K257 2010
999 _c99269
_d99266